| 000 | 01493cam a2200265 4500 | ||
|---|---|---|---|
| 001 | ##L134097 | ||
| 008 | 060710n2006 000 0 eng u | ||
| 035 | _a(Sirsi) u134097 | ||
| 041 | 0 | _aeng | |
| 050 | 0 | 4 | _a625.7026 $2 18 |
| 100 | 1 | _aMatson, Lilli | |
| 245 | 0 | 0 |
_aBeyond transport infrastructure _blessons for the future from recent road projects - final report for CPRE and the Countryside Agency _h[electronic resource] |
| 260 |
_aLondon _bCPRE _aLondon _bCountryside Agency _c2006 |
||
| 520 | _aSeeks to throw further light on the issue of what happens to road schemes once they have been built and to learn about the consequences arising from road schemes in terms of traffic growth, landscape impact and related development pressure. These important issues are not being picked up by the Highways Agency's own post-construction analysis for new road schemes. Covers the policy and technical background and English case study research and methodology. Makes recommendations for national roads policy and the future evaluation of road schemes. | ||
| 590 | _aIKA180706 | ||
| 651 | 4 |
_aEngland _y886- |
|
| 690 | _aPROPERTY-INFRASTRUCTURE-ROAD INFRASTRUCTURE | ||
| 700 | 1 | _aTaylor, Ian | |
| 700 | 1 | _aSloman, Lynn | |
| 700 | 1 | _aElliott, John | |
| 710 | 2 |
_aCountryside Agency _93740 |
|
| 710 | 2 |
_aCampaign to Protect Rural England _94718 |
|
| 856 | 4 | 0 |
_uhttps://www.china-up.com:8080/international/case/case/597.pdf _zView the report free of charge at www.china-up.com |
| 942 | _n0 | ||
| 999 |
_c105542 _d105542 |
||